000
00310nam a22001337a 4500
020
_a
9788184898583
082
_a
664.02
_b
TOL/FD
100
_a
Toledo, Romeo. T
_9
260
245
_a
Fundamentals of Food process Engineering
250
_a
3
260
_a
New Delhi
_b
Springer
_c
2011
300
_a
579
942
_c
BK
999
_c
14199
_d
14199